[Event "POL-chT 66th"]
[Site "Katowice"]
[Date "2010.09.05"]
[Round "2"]
[White "Kempinski, Robert"]
[Black "Luch, Michal"]
[Result "1/2-1/2"]
[WhiteElo "2615"]
[BlackElo "2385"]
[Annotator "RR"]
[PlyCount "84"]
[EventDate "2010.09.04"]
[EventType "team-tourn"]
[EventRounds "9"]
[EventCountry "POL"]
[SourceTitle "EXT 2016"]
[Source "ChessBase"]
[SourceDate "2015.10.08"]
[SourceVersion "1"]
[SourceVersionDate "2015.10.08"]
[SourceQuality "1"]
[WhiteTeam "Wroclaw"]
[BlackTeam "Wroclaw AZS WSB"]
[WhiteTeamCountry "POL"]
[BlackTeamCountry "POL"]

1. d4 Nf6 2. c4 e6 3. Nf3 d5 4. Nc3 Bb4 5. cxd5 (5. Bg5) 5... exd5 6. Bg5 h6 7.
Bh4 g5 8. Bg3 Ne4 9. Nd2 Nxg3 (9... Nxc3 10. bxc3 Bxc3 11. Rc1 Ba5 12. h4 $44)
10. hxg3 c6 11. Qc2 (11. e4 Qe7 12. Qb3 dxe4 13. a3 e3 14. Qxb4 exd2+ 15. Kxd2
Qxb4 16. axb4 Kf8 17. b5 Kg7 18. Na4 Nd7 19. bxc6 bxc6 20. Bc4 Rd8 21. Kc3 a5
22. Rhe1 Ba6 23. b3 Bxc4 24. bxc4 Rab8 25. Nb2 Nf8 26. Rxa5 Ne6 27. d5 cxd5 28.
Rxd5 Rxd5 29. cxd5 Nc7 30. Rd1 Nb5+ 31. Kd3 Rd8 32. Kc4 Nd6+ 33. Kd4 Kf6 34.
Na4 Nf5+ 35. Kc4 Rc8+ 36. Kd3 Ra8 37. Nc3 Ke5 38. Re1+ Kd6 39. Rh1 Kc5 40. g4
Nd6 {Lysyj,I (2655)-Moiseenko,A (2712) Yerevan 2014 1-0 (87)}) 11... Qf6 $1 12.
a3 $146 (12. e3 Nd7 13. Bd3 Nb6 14. Nf3 g4 15. Ne5 Qg5 16. Qe2 Be6 17. Bc2
O-O-O 18. Nd3 Bd6 19. O-O-O h5 20. Kb1 Bf5 21. Rc1 Kb8 22. Nf4 Rde8 23. Ka1 Nd7
24. Bxf5 Qxf5 25. Nd3 Nf6 26. Rc2 Qg5 27. a3 h4 28. gxh4 Rxh4 29. Rxh4 Qxh4 30.
g3 Qh7 31. Ka2 Qf5 32. Na4 Ne4 33. Nac5 Bxc5 34. Nxc5 Nxc5 35. Rxc5 Rh8 36. Qd2
Qf6 37. Qb4 Qe7 38. Qb3 Qf6 39. Rc2 Rh2 40. Qb4 Rxf2 41. Rxf2 Qxf2 {Renet,O 
(2505)-Dorfman,J (2210) France 1996 1/2-1/2}) 12... Bxc3 13. Qxc3 O-O 14. e3
Bf5 15. f3 Re8 $11 16. g4 Bh7 17. Kf2 Nd7 18. Be2 Re7 19. Rac1 Rae8 $132 20.
Nf1 Nb6 21. Qa5 Nc8 22. Rc3 Nd6 23. Ng3 (23. Qxa7 $2 Ne4+) 23... a6 24. a4 Re6
25. Re1 Bg6 26. Qb4 (26. Bf1 {[%cal Ge1e3]}) 26... Qe7 27. Qa3 f5 28. gxf5 Bxf5
29. e4 Bxe4 $1 30. fxe4 Qf6+ 31. Kg1 Nxe4 (31... Qxd4+ 32. Kh2 Nxe4 33. Rd3 Qf6
) 32. Nxe4 Rxe4 {[%csl Rd4]} 33. Rf3 Qxd4+ 34. Rf2 Re3 35. Qd6 R3e6 36. Qd7
R6e7 37. Qf5 {[%csl Rg6]} Qe4 38. Qh3 Kg7 $6 (38... Qg6 $142 {[%cal Gg6h6]})
39. Ref1 $36 Qd4 {[%cal Gd4g1]} 40. Kh1 $6 (40. Qd3 $8 Qxd3 41. Bxd3 {[%csl
Gd3]}) 40... Rxe2 41. Rxe2 Rxe2 42. Qd7+ Kg8 1/2-1/2

[Event "POL-chT 66th"]
[Site "Katowice"]
[Date "2010.09.06"]
[Round "3"]
[White "Cyborowski, Lukasz"]
[Black "Kolosowski, Mateusz"]
[Result "1-0"]
[WhiteElo "2531"]
[BlackElo "2342"]
[Annotator "RR"]
[PlyCount "90"]
[EventDate "2010.09.04"]
[EventType "team-tourn"]
[EventRounds "9"]
[EventCountry "POL"]
[SourceTitle "EXT 2016"]
[Source "ChessBase"]
[SourceDate "2015.10.08"]
[SourceVersion "1"]
[SourceVersionDate "2015.10.08"]
[SourceQuality "1"]
[WhiteTeam "Dankowice"]
[BlackTeam "Prokonex"]
[WhiteTeamCountry "POL"]
[BlackTeamCountry "POL"]

1. c4 e6 2. Nf3 d5 3. d4 Nf6 4. Nc3 Bb4 5. Bg5 h6 6. Bxf6 Qxf6 7. Qa4+ Nc6 8.
cxd5 exd5 9. e3 O-O 10. Be2 Be6 11. a3 Bd6 12. Nb5 Bg4 13. O-O (13. Nxd6) 13...
Ne7 14. Qc2 (14. Nxd6 Qxd6 15. b4 f5 16. Qb3 Kh8 17. g3 Ng6 18. Bd1 Bh3 19. Re1
Rae8 20. Qc3 c6 21. Kh1 Bg4 22. Ng1 Ne7 23. Kg2 Nc8 24. Nf3 Bxf3+ 25. Bxf3 Qd7
26. a4 Nd6 27. b5 cxb5 28. axb5 Nxb5 29. Qc5 a6 30. Qxd5 Qxd5 31. Bxd5 Re7 32.
h4 g6 33. Rec1 Kg7 34. Rc5 Rd8 35. Bf3 Nd6 36. Rd5 Rdd7 37. Rb1 Nb5 38. Rc5 Rc7
39. Rbc1 Rxc5 40. Rxc5 Kf6 41. h5 g5 42. g4 f4 43. exf4 gxf4 {Karpov,A (2619)
-Kravtsiv,M (2609) Germany 2014 1/2-1/2 (66)}) 14... Rfc8 15. Rfc1 Nf5 16. h3 (
16. Nxd6) 16... Bxf3 17. Bxf3 $14 c6 18. Bg4 $1 Rd8 19. Qxf5 Qxf5 20. Bxf5 cxb5
21. Bg4 Kf8 22. Bf3 a5 23. b4 Be7 24. Rab1 axb4 25. axb4 Ra6 26. Rc7 Rb6 27.
Kf1 Bd6 28. Rc2 Rc6 $6 29. Rxc6 bxc6 30. Rc1 {[%csl Rc6]} Bxb4 (30... Ra8 $5 {
[%csl Rf1]}) 31. Rxc6 Be7 32. Rb6 $16 b4 33. Rb5 Bd6 34. Bxd5 (34. Ke2) 34...
Rb8 35. Rxb8+ Bxb8 36. h4 Ke7 37. h5 {[%csl Rg7] Malgré le P supplémentaire
et la meilleure structure, les chances de gain des Blancs sont trés faibles
en finale de couleurs opposées} f6 $6 {[%csl Rg7] Une première faute} (37...
f5 $142 {[%csl Re4]}) 38. Ke2 Kd6 39. Bb3 (39. e4 {[%cal Gf2f4,Ge4e5,Ge2d3,
Gd3c4]}) 39... Ke7 (39... Ba7) 40. e4 Bf4 41. g3 Bb8 42. Ke3 Kd7 43. f4 Ke7 44.
g4 Ba7 45. e5 Bb6 1-0

[Event "POL-chT 66th"]
[Site "Katowice"]
[Date "2010.09.07"]
[Round "4"]
[White "Moranda, Wojciech"]
[Black "Balogh, Csaba"]
[Result "1/2-1/2"]
[WhiteElo "2572"]
[BlackElo "2608"]
[Annotator "RR"]
[PlyCount "59"]
[EventDate "2010.09.04"]
[EventType "team-tourn"]
[EventRounds "9"]
[EventCountry "POL"]
[SourceTitle "EXT 2016"]
[Source "ChessBase"]
[SourceDate "2015.10.08"]
[SourceVersion "1"]
[SourceVersionDate "2015.10.08"]
[SourceQuality "1"]
[WhiteTeam "Dankowice"]
[BlackTeam "Wroclaw Polonia"]
[WhiteTeamCountry "POL"]
[BlackTeamCountry "POL"]

1. d4 d5 2. c4 e6 3. Nc3 Bb4 4. Nf3 Nf6 5. Bg5 h6 6. Bxf6 Qxf6 7. e3 O-O 8. Rc1
dxc4 9. Bxc4 c5 10. dxc5 Bxc5 11. O-O (11. Qc2 Bb4 12. O-O Bxc3 13. Qxc3 Qxc3
14. Rxc3 Bd7 15. Rd1 Rc8 16. Be2 Rxc3 17. bxc3 f6 18. Rb1 b6 19. Rd1 Kf8 20.
Nh4 Bc6 21. Ng6+ Kf7 22. Bh5 Be4 23. Nf4+ Ke7 24. Rd4 f5 25. f3 Bb7 26. Ng6+
Kf6 27. e4 fxe4 28. fxe4 Nc6 29. Rd7 Ba6 30. Rd2 Ne7 31. Rf2+ Kg5 32. Nxe7 Kxh5
33. Rf7 Bd3 34. Rxg7 Bxe4 35. Kf2 Kh4 36. Ke3 Bf5 37. Nxf5+ exf5 38. Kf4 Kh5
39. Rg3 Rf8 40. Rd3 Kg6 {Fressinet,L (2711)-Gajewski,G (2641) Saint Quentin
2014 1/2-1/2}) 11... Rd8 12. Qc2 Bf8 13. Rfd1 Nc6 14. a3 $146 (14. Ne4 Qe7 15.
Rxd8 Qxd8 16. Rd1 Bd7 {1/2-1/2 (16) Wang,Y (2689)-Zhang,Z (2613) Jiangsu Wuxi
2008}) 14... Bd7 15. Ne4 Qe7 16. Nd6 Bc8 $1 17. Nxc8 Raxc8 $11 18. Qb1 Rxd1+
19. Rxd1 Rd8 20. Rxd8 Qxd8 21. Qc2 Qd6 22. Bd3 Ne5 23. Nxe5 Qxe5 24. g3 Qc5 25.
Qxc5 Bxc5 26. Kf1 Kf8 27. Ke2 Ke7 28. Be4 b6 29. Kd3 (29. b4) 29... a5 30. a4
1/2-1/2

[Event "POL-chT 66th"]
[Site "Katowice"]
[Date "2010.09.08"]
[Round "5"]
[White "Socko, Bartosz"]
[Black "Luch, Michal"]
[Result "1-0"]
[WhiteElo "2657"]
[BlackElo "2385"]
[Annotator "RR"]
[PlyCount "115"]
[EventDate "2010.09.04"]
[EventType "team-tourn"]
[EventRounds "9"]
[EventCountry "POL"]
[SourceTitle "EXT 2016"]
[Source "ChessBase"]
[SourceDate "2015.10.08"]
[SourceVersion "1"]
[SourceVersionDate "2015.10.08"]
[SourceQuality "1"]
[WhiteTeam "Katowice Szopienice"]
[BlackTeam "Wroclaw AZS WSB"]
[WhiteTeamCountry "POL"]
[BlackTeamCountry "POL"]

1. c4 e6 2. d4 d5 3. Nc3 Bb4 4. Qa4+ Nc6 5. e3 Nf6 6. Nf3 O-O 7. Qc2 (7. Bd2
dxc4 8. Bxc4 Bd6 9. h3 a6 10. O-O e5 11. Qc2 b5 12. Be2 Bb7 13. a3 Re8 14. d5
Ne7 15. e4 c6 16. dxc6 Nxc6 17. Be3 Nd4 18. Nxd4 exd4 19. Bxd4 Nxe4 20. Bf3 Rc8
21. Rfe1 Nxc3 22. Rxe8+ Qxe8 23. Bxc3 Bxf3 24. gxf3 Qe6 25. Rd1 Rc5 26. h4 Rc4
27. Qd3 Bf8 28. Qd8 Qf5 29. Qa8 Rxh4 {0-1 (29) Svidler,P (2739)-Giri,A (2797)
Tbilisi 2015}) 7... Re8 8. a3 (8. Bd2 Bf8 {Nakamura,H (2715)-Kramnik,V (2772)
London Classic 2009 (7) 1/2} (8... e5)) 8... Bf8 9. cxd5 exd5 10. Be2 $146 (10.
Bb5 Bg4 11. Ne5 Nxe5 12. Bxe8 Qxe8 13. dxe5 Qxe5 14. O-O Qh5 15. f4 Re8 16. Bd2
c5 17. Rae1 b6 18. Bc1 Bf5 19. Qd1 Bg4 20. Qd2 a6 21. Qf2 b5 22. h3 b4 23. Ne2
Bxe2 24. Qxe2 Qxe2 25. Rxe2 bxa3 26. bxa3 Ne4 27. Rc2 f5 28. Rd1 Rd8 29. Bb2
Kf7 30. Be5 Rd7 31. g4 fxg4 32. hxg4 c4 33. Rxc4 Nc5 34. Rc2 g6 35. Kg2 Ke6 36.
Kf3 Rb7 37. Bd4 Ne4 38. Rc6+ Kf7 39. Be5 Bxa3 {Slipak,S (2440)-Fiori,A (2166)
Buenos Aires 2010 1-0}) 10... Ne7 11. b4 Bf5 12. Qb3 Ne4 13. O-O Nxc3 14. Qxc3
Ng6 15. a4 a6 16. Ba3 Nf4 17. Bd1 {[%csl Rd5][%cal Gd1b3]} Ne6 18. Bb3 $14 c6
19. Bc2 Bxc2 20. Qxc2 Bd6 21. Ra2 Qe7 22. Qc3 Rec8 23. Rfa1 {Un plan original}
Nf8 24. Qb3 b5 25. a5 {[%csl Rc6] Les Noirs n'ont qu'une seule faiblesse et
ils doivent pouvoir tenir cette position inférieure si les Blancs n'arrivent
pas à créer une seconde faiblesse.} Nd7 26. Rc2 Rc7 27. Rb1 {[%cal Ga3c1,
Gc1d2,Gb1c1]} Re8 28. Bc1 Qe4 29. Bd2 Nb8 30. Be1 Rce7 31. Nd2 Qh4 32. Nf1 Qh6
33. Rc3 f5 $6 {En voulant rechercher du contre-jeu, les Noirs prennent le
risque de créer la fameuse "seconde faiblesse"} (33... Qe6 {[%csl Re1] Les
Noirs pouvaient tenter de jouer des coups d'attente et il était difficile
d'obtenir un gros avantage pour le GMI avec un mauvais B.}) 34. f3 $1 {[%cal
Ge3e4,Gb3g8]} g5 (34... Kh8) 35. Bg3 f4 36. Bf2 Kh8 37. Re1 Qg6 38. h3 Qf6 39.
Qb1 fxe3 40. Rexe3 Bf4 41. Rxe7 Rxe7 42. Qd3 Bd6 43. Bg3 $16 {[%csl Rg5] Comme
prévu, l'ouverture du jeu par f5f4 a profité aux Blancs} Bf4 44. Rc2 Qe6 45.
Bf2 Kg7 46. Ng3 {[%cal Gg3h5,Gg3f5]} Kf8 (46... Kg8 {[%csl Rh7]}) 47. Nf5 Re8
48. h4 $1 gxh4 49. Nxh4 Be3 $2 (49... Kg8) 50. Qxh7 Bxf2+ 51. Rxf2 Qe1+ 52. Rf1
Qe3+ 53. Kh1 Re6 54. Qh8+ Kf7 55. Qxb8 Rh6 56. Qc7+ Kf8 57. Qc8+ Kf7 58. Qf5+
1-0

[Event "Rohde op 07th"]
[Site "Sautron"]
[Date "2007.10.28"]
[Round "2"]
[White "Ivanov, Jordan"]
[Black "Petkov, Vladimir"]
[Result "1/2-1/2"]
[WhiteElo "2370"]
[BlackElo "2508"]
[Annotator "RR"]
[PlyCount "58"]
[EventDate "2007.10.27"]
[EventType "swiss"]
[EventRounds "9"]
[EventCountry "FRA"]
[SourceTitle "EXT 2008"]
[Source "ChessBase"]
[SourceDate "2007.11.25"]
[SourceVersion "1"]
[SourceVersionDate "2007.11.25"]
[SourceQuality "1"]

1. Nf3 Nf6 2. c4 e6 3. Nc3 d5 4. d4 Bb4 5. cxd5 exd5 6. Bg5 h6 7. Bh4 c5 ({RR} 
7... g5 8. Bg3 Ne4) 8. e3 Nc6 9. dxc5 ({RR} 9. Bb5 g5 ({RR} 9... Qb6 10. O-O ({
RR} 10. Bxf6 Qxb5 11. Bxg7 Rg8) 10... Bxc3 11. Bxc6+ Qxc6 12. Ne5 Qe6 13. bxc3
O-O 14. Nd3 Ne4 15. Nxc5 Nxc5 16. dxc5 Qc6 17. Qd4 ({RR} 17. Be7 Re8 18. Bd6 b6
) 17... Re8 18. f3) ({RR} 9... Qa5 10. O-O Bxc3 11. Bxc6+ bxc6 12. bxc3 Ne4 13.
dxc5 Ba6 14. Re1 Qxc5 15. Nd4 Bc8 16. c4 dxc4 17. Rc1 Bd7 18. Qc2 Nd6 19. Bg3
O-O 20. Bxd6 Qxd6 21. Qxc4 Rab8 22. Red1 Qf6 23. Nb3 Rfd8 24. Qc5 {Kohlweyer,B
(2423)-Kalka,A (2401)/Germany 2006/EXT 2007/1/2-1/2}) 10. Bg3 Ne4 11. O-O Bxc3
12. bxc3 O-O ({RR} 12... Nxc3 13. Bxc6+ bxc6 14. Qc2 Ne4 15. dxc5 O-O 16. Nd4
Qe8 17. Bd6 ({RR} 17. Rab1) 17... Nxd6 18. cxd6 Bd7 19. Rab1) 13. Bxc6 bxc6 14.
dxc5 Nxc5 15. Nd4 ({RR} 15. Ne5 Ba6 16. Nxc6 Qd7 17. Nb4 Bxf1 18. Nxd5 Qe6 19.
Kxf1 Rad8 20. c4 Ne4 21. Qd4 Rc8 22. Qxe4) 15... Qf6 ({RR} 15... Ba6) 16. Qf3 (
{RR} 16. Qc2 Ba6 17. Rfd1 Ne4) ({RR} 16. f4) 16... Qg6 ({RR} 16... Qxf3 17.
gxf3 Bh3 ({RR} 17... Bd7 18. Bd6) 18. Bd6 Bxf1 19. Bxc5 Bc4 20. Bxf8 Kxf8 21.
Nxc6) 17. c4 h5 ({RR} 17... dxc4 18. Nxc6 Kh7 ({RR} 18... Qe4 19. Qf6) ({RR} 
18... Re8 19. Ne7+ Rxe7 20. Qxa8) 19. Ne5 Qe4 20. Qxe4+ Nxe4 21. Nxc4) ({RR} 
17... Ne4) 18. h3 h4 19. Bh2 g4 ({RR} 19... Ne4) 20. hxg4 Bxg4 21. Nxc6 Bxf3
22. Ne7+ Kg7 23. Nxg6 fxg6 {Borovikov,V (2593)-Aleksandrov,A (2646)/Kramatorsk
2001/CBM 086/[Ribli]/0-1 (34)}) 9... g5 10. Bg3 Ne4 11. Nd2 ({RR} 11. Rc1 Qa5 (
{RR} 11... h5 12. Nd2 Nxc3 13. bxc3 Bxc5 14. h4 g4 15. Nb3 Bb6 16. Bd3 Bc7 17.
Bxc7 Qxc7 18. g3 Qe5 19. Nd4 O-O 20. O-O Bd7 21. Qb3 {1/2-1/2 Schmidt,W (2440)
-Inkiov,V (2435)/Lodz 1980/MCD}) 12. Bd3 Bxc3+ 13. bxc3 Nxc3 14. Qd2 Nxa2 15.
Ra1 Qxd2+ 16. Kxd2 Nab4 17. Bb5 O-O 18. Rhb1 f6 19. Ra4 a5 20. Bc7 Rf7 21. Bxa5
Rxa5 22. Rbxb4 Rxa4 23. Rxa4 Rc7 24. Bxc6 Rxc6 25. Ra5 b6 {Schlosser,P (2500)
-Sharif,M (2465)/Lippstadt 1995/EXT 1997/1/2-1/2 (68)}) ({RR} 11. Bb5 Nxc3 12.
Bxc6+ bxc6 13. Qd4 Nxa2+ 14. Nd2 O-O 15. Rxa2 a5 16. h4 f6 17. O-O Re8 {
1/2-1/2 Smejkal,J (2615)-Tal,M (2615)/Wijk aan Zee 1976/MCD}) 11... Nxg3 {
Une idée récente} 12. hxg3 d4 13. exd4 Qxd4 14. Nb3 Bxc3+ 15. bxc3 Qxc3+ 16.
Qd2 Qxd2+ 17. Kxd2 Be6 18. Kc3 $146 (18. Bb5 O-O-O+ {Almeida,O (2498)-Gongora
Reyes,M (2441) CUB-ch op Santa Clara (3) 1-0}) 18... Rc8 19. Re1 Kf8 $1 {
[%cal Gf8g7]} 20. Bc4 Nd8 {[%cal Gd8e6]} 21. Re5 $14 b6 $5 (21... Kg7) 22. Rxg5
Bxc4 23. Kxc4 Ne6 24. Rf5 Kg7 25. Rh4 Rhd8 26. Rg4+ Kf8 27. Re4 Kg7 28. Rg4+
Kf8 29. Re4 Kg7 1/2-1/2

[Event "Rohde op 09th"]
[Site "Sautron"]
[Date "2009.10.29"]
[Round "7"]
[White "Wirig, Anthony"]
[Black "Spassov, Liuben"]
[Result "1/2-1/2"]
[WhiteElo "2490"]
[BlackElo "2434"]
[Annotator "RR"]
[PlyCount "50"]
[EventDate "2009.10.24"]
[EventType "swiss"]
[EventRounds "9"]
[EventCountry "FRA"]
[SourceTitle "EXT 2010"]
[Source "ChessBase"]
[SourceDate "2010.11.25"]
[SourceVersion "1"]
[SourceVersionDate "2010.11.25"]
[SourceQuality "1"]

1. c4 e6 2. Nf3 Nf6 3. Nc3 d5 4. d4 Bb4 5. Qa4+ Nc6 6. Bd2 {Une ligne
secondaire assez peu ambitieuse} (6. e3) (6. Ne5) (6. Bg5) 6... O-O 7. a3 {
Curieusement, ce coup logique visant la paire de B est une nouveauté} (7. e3
$142) 7... Be7 8. cxd5 $6 {les noirs n'ont plus de problèmes pour développer
le Bc8} (8. e3 $142) 8... exd5 9. Bg5 Ne4 $1 $11 (9... h6) 10. Bxe7 Nxe7 {
[%cal Ge7d5]} 11. e3 c6 12. Be2 Bg4 $132 13. Qc2 (13. h3) 13... Nd6 14. Ne5
Bxe2 15. Qxe2 Ng6 16. O-O Re8 17. Nxg6 hxg6 18. Qd3 Qg5 19. Rae1 Rad8 20. Re2
Rd7 21. Nb1 Rde7 22. Nd2 f6 23. Rfe1 Qf5 24. Qc3 Ne4 25. Nxe4 Qxe4 1/2-1/2

[Event "FRA-chT Top 16 GpA"]
[Site "Nancy"]
[Date "2005.??.??"]
[Round "?"]
[White "Komarov, Dimitri"]
[Black "Inkiov, Ventzislav"]
[Result "1-0"]
[WhiteElo "2541"]
[BlackElo "2495"]
[Annotator "RR"]
[PlyCount "83"]
[EventDate "2005.02.03"]
[EventType "team-match"]
[EventRounds "1"]
[EventCountry "FRA"]
[SourceTitle "EXT 2015"]
[Source "ChessBase"]
[SourceDate "2014.11.20"]
[SourceVersion "1"]
[SourceVersionDate "2014.11.20"]
[SourceQuality "1"]

1. d4 Nf6 2. c4 e6 3. Nf3 d5 4. Nc3 Bb4 5. cxd5 exd5 6. Bg5 h6 7. Bh4 g5 8. Bg3
Ne4 9. Nd2 Nxc3 10. bxc3 Bxc3 11. Rc1 Ba5 12. e3 Bf5 13. h4 g4 14. Be2 c6 $146
({RR} 14... Rg8 15. O-O c6 16. Nb3 Bb6 17. Bd3 Qf6 18. Re1 Be4 19. a4 a5 20.
Bxe4 dxe4 21. Nd2 Qe7 22. Rb1 Bd8 23. Nc4 Rg6 24. h5 Re6 25. d5 {1-0 Naumkin,I
(2411)-Zemerov,V (2316)/Genova 2001/CBM 085 ext}) 15. O-O Nd7 16. e4 $1 Bxd2 (
16... dxe4 17. Nc4 {[%cal Gc4d6]} Bc7 18. d5 $1 {[%csl Re8]}) 17. Qxd2 Bxe4 18.
Bxg4 Rg8 {[%cal Gg8g2,Ge4g2]} 19. f3 $16 {[%csl Re8][%cal Gf1e1,Gc1e1]} Nf6 20.
Rce1 (20. Qxh6 Nxg4 21. fxg4 Qd7 22. g5 O-O-O (22... Qe6) 23. Rxf7 $3 Qxf7 24.
Rxc6+ $1 {[%csl Rb8,Rc7,Rc8,Gg3][%cal Gh6c6]}) 20... Qe7 $6 (20... Rxg4 21.
fxg4 Nxg4) 21. fxe4 (21. Qf4 $18) 21... Rxg4 22. exd5 $18 Ne4 23. Qxh6 O-O-O
24. Qh7 Rxg3 25. Rxe4 Qd6 26. dxc6 Rdg8 27. Rf2 Qd5 28. cxb7+ Kb8 29. Rfe2 R3g6
30. h5 Rg5 31. Re8+ Rxe8 32. Rxe8+ Kxb7 33. Re7+ Kb6 34. Qb1+ Qb5 35. Qxb5+
Rxb5 36. Re5 Rb4 37. Re4 f5 38. Rf4 Kc7 39. h6 Rb6 40. Rh4 Rb8 41. h7 Rh8 42.
Rh6 1-0

[Event "RUS Cup final"]
[Site "Magnitogorsk"]
[Date "2011.11.14"]
[Round "1.2"]
[White "Maletin, Pavel"]
[Black "Aleksandrov, Aleksej"]
[Result "1-0"]
[WhiteElo "2568"]
[BlackElo "2626"]
[Annotator "RR"]
[PlyCount "101"]
[EventDate "2011.11.13"]
[EventType "k.o."]
[EventRounds "4"]
[EventCountry "RUS"]
[SourceTitle "CBM 146"]
[Source "ChessBase"]
[SourceDate "2012.01.18"]
[SourceVersion "1"]
[SourceVersionDate "2012.01.18"]
[SourceQuality "1"]

1. c4 e6 2. Nf3 d5 3. d4 Nf6 4. Nc3 Bb4 5. cxd5 exd5 6. Bg5 h6 7. Bh4 c5 8. e3
c4 9. Nd2 g5 10. Bg3 Nc6 11. Be2 Bf5 12. h4 Rg8 13. hxg5 hxg5 14. Rc1 a6 15.
O-O b5 16. a4 Rh8 17. axb5 axb5 18. Nxb5 Ra2 $2 (18... Kf8 19. Nxc4 dxc4 $11)
19. Nxc4 $1 $18 dxc4 20. Rxc4 Ne4 21. Rxc6 Rxb2 22. Be5 f6 23. Bh5+ Kf8 24. Qf3
Qd7 25. Rc7 (25. Rfc1 Be7 26. Rc8+ $1) 25... Qxb5 26. Rf7+ (26. Qxf5 Qxf1+ 27.
Kxf1) 26... Kg8 $18 27. Qxf5 Qxf1+ 28. Kxf1 Rxf2+ 29. Qxf2 Nxf2 30. Rxf6 Rxh5
31. Kxf2 Be7 32. Ra6 Rh1 33. Bf6 Bxf6 34. Rxf6 Kg7 35. Rf5 Kg6 36. g4 Rh4 37.
Kg3 Rh1 38. Ra5 Kf6 39. Ra6+ Kf7 40. Kf3 Rh3+ 41. Ke4 Rg3 42. Kf5 Rxe3 43. Kxg5
Rd3 44. Rf6+ Kg7 45. Rf4 Rd1 46. Kf5 Kf7 47. g5 Kg7 48. Ke6 Kg6 49. d5 Re1+ 50.
Kd7 Kxg5 51. Rf2 1-0

[Event "Norway Chess 5th"]
[Site "Stavanger"]
[Date "2017.06.08"]
[Round "3"]
[White "Aronian, Levon"]
[Black "Giri, Anish"]
[Result "1/2-1/2"]
[WhiteElo "2793"]
[BlackElo "2771"]
[Annotator "Ramirez Alvarez,A"]
[PlyCount "106"]
[EventDate "2017.06.06"]
[EventType "tourn"]
[EventRounds "9"]
[EventCountry "NOR"]
[EventCategory "22"]
[SourceTitle "CBM 179"]
[Source "ChessBase"]
[SourceDate "2017.07.12"]
[SourceVersion "1"]
[SourceVersionDate "2017.07.12"]
[SourceQuality "1"]

1. d4 Nf6 2. c4 e6 3. Nf3 d5 4. Nc3 Bb4 5. Qa4+ Nc6 6. e3 O-O 7. Qc2 Re8 8. Bd2
a6 9. h3 Bd6 10. a3 Bd7 11. Be2 dxc4 12. Bxc4 h6 13. O-O e5 14. Rae1 Qe7 15.
Nh4 Qd8 16. Qb3 Rf8 17. Qd1 b5 18. Ba2 Kh8 19. Bc1 {Aronian's last move seems
timid, but actually it provokes Black into a strong reaction. Black has two
logical ways of exploiting the knight's position on h4.} g5 $6 (19... e4 20.
Qc2 g5 21. f3 $5 {is a huge mess. Here are some lines as an example:} gxh4 (
21... Nh5 22. fxe4 (22. Bd5 $1) 22... g4 $1 $40) 22. fxe4 Rg8 (22... Bxh3 23.
Re2 $1 $13 (23. e5 Rg8 24. Rxf6 Rxg2+ 25. Qxg2 Bxg2 26. Kxg2 Nxe5 27. dxe5 Bxe5
28. Rxh6+ Kg7 29. e4 $13)) 23. Re2 Bxh3 24. Bxf7 $1 $13) 20. dxe5 $1 (20. Nf3
g4 {gives Black some attacking chances, and was Giri's point.}) 20... Nxe5 21.
f4 {And we have a mess on our hands. Black has to take the knight on h4.} gxh4
(21... Nc6 22. fxg5 hxg5 23. Nd5 $18) (21... gxf4 22. exf4 {is not much better.
}) 22. fxe5 Bxe5 23. e4 $1 {White is down a pawn, but this is inconsequential.
He has plenty of targets on the kingside to attack. Both sides must hurry to
create threats.} Rg8 24. Bxf7 $6 {Tempting but perhaps not the most precise.
The f7 pawn was not a key part of Black's defence or offence.} (24. Bf4 $1 Bxf4
(24... Bxh3 25. Bxe5 Rxg2+ 26. Kh1 {leads to nothing}) (24... Qe7 25. Qf3 $16)
25. Rxf4 Bxh3 26. Qxd8 Raxd8 27. Kh2 $1 Nh5 $1 {Otherwise Black loses material}
28. Rxh4 Bg4 29. Bxf7 Rg5 30. Nd5 $36 {with pressure on Black's kingside.})
24... Rg7 25. Bf4 Bxf4 26. Rxf4 Bxh3 27. Kh2 (27. Qxd8+ Rxd8 28. Re3 $1 (28.
Kh2 Rxf7 29. Kxh3 $11) 28... Bxg2 (28... Rxg2+ 29. Kh1 {and Black can't save
both of his pieces, nor create a mating threat}) 29. Rxf6 $16) 27... Bd7 28.
Be6 $1 {Covering g4.} Ng4+ 29. Rxg4 Bxe6 30. Qxd8+ Rxd8 31. Rxh4 Kh7 {
Unfortunately at the end of the day we have reached an endgame that is not
much for either side, though Black is to be preferred because of the bishop.}
32. Re2 Rd4 33. Rf2 Rf7 34. Rxf7+ Bxf7 35. Rf4 Kg7 36. Rf5 Rc4 37. Kg3 c5 38.
Kf3 b4 39. axb4 cxb4 40. Nd5 b3 41. Ne3 Rd4 42. Ra5 Bg6 43. Nf5+ Bxf5 44. exf5
Rd2 45. Rxa6 Rxb2 {the draw is now trivial} 46. Rg6+ Kh7 47. Rb6 Rb1 48. Rb7+
Kg8 49. g3 b2 50. Kg2 Kf8 51. Kh2 Kg8 52. Kg2 Kf8 53. Kh2 Kg8 1/2-1/2